000 00502nam a2200169 i 4500
001 141797
003 ES-MaACL
005 20230906200354.0
007 t|
008 070928s1931 fr ||||1| fre d
100 1 _aWagner, H. G.
_9115842
245 1 0 _aEssai sur l'universalisme économique. Othmar Spann. /
_cH. G. Wagner ; preface de G. L. Duprat.
260 _aParis :
_bFélix Alcan,
_c1931.
300 _aXXIV, 340 p. ;
_c24 cm.
700 1 _aDuprat, G. L.
_946114
852 _aES-MaACL
_jA-128
999 _c141797
_d141797